000 00469nam a2200169Ia 4500
008 231221s9999 xx 000 0 und d
041 _aEnglish
082 _a641 AND;1 R
100 _aAndrews, Sudhir
245 0 _aFood and beverage service : training manual
260 _c1980
_bTata McGraw-Hill
_aNew Delhi
300 _axvi+192
500 _aE-509
650 _aHotel management-Training manual
650 _aHotel management-Training manual
942 _cHM
999 _c207569
_d207569